000 00813nam a2200253Ia 4500
003 OSt
005 20220923231018.0
006 a|||||r|||| 00| 0
007 ta
008 220922b |||||||| |||| 00| 0 pan d
020 _c150
024 _a353,721
037 _b1198, 02/03/2020, H.K. Prakashan
_cTextual
040 _aARTS
_cARTS
_bpan
041 _2pan
_apan
082 _aY15wNKA, 153Q9
100 _aਸਿੰਘ, ਵੀਰ, ਂਚ.
245 0 _aਸਤਵੰਤ ਕੌਰ
260 _aਲੁਧਿਆਨਾਂ
_b ਲਾਹੌਰ ਬੁੱਕ Fਾਪ
_c2019
300 _a223ਪ੍ਰ0
_ccm.
650 _aਪੰਜਾਬੀ ਸਾਹਿਤ
942 _hY15wNKA, 153Q9
_cTEXL
_2CC
999 _c388765
_d388765